[Event "World Chess Olympiad 2018"]
[Site "Batumi"]
[Date "2018.10.05"]
[Round "11"]
[Board "1"]
[WhiteFideId "10601457"]
[White "Amin Bassem"]
[BlackFideId "3801497"]
[Black "Cordova Emilio"]
[Result "1/2-1/2"]
[LiveChessVersion "1.4.8"]
[BlackElo "2609"]
[WhiteElo "2686"]

1. Nf3 {[%clk 1:29:13]} Nf6 {[%clk 1:30:38]} 2. g3 {[%clk 1:29:35]} d5
{[%clk 1:30:13]} 3. Bg2 {[%clk 1:29:47]} c6 {[%clk 1:30:20]} 4. c4
{[%clk 1:28:45]} g6 {[%clk 1:29:39]} 5. b3 {[%clk 1:28:55]} Bg7 {[%clk 1:30:01]}
6. Bb2 {[%clk 1:29:20]} O-O {[%clk 1:30:13]} 7. O-O {[%clk 1:29:42]} Bg4
{[%clk 1:29:57]} 8. d3 {[%clk 1:29:49]} Bxf3 {[%clk 1:28:42]} 9. Bxf3
{[%clk 1:30:13]} Re8 {[%clk 1:26:58]} 10. Nd2 {[%clk 1:26:20]} a5
{[%clk 1:24:00]} 11. Rc1 {[%clk 1:25:19]} Na6 {[%clk 1:24:00]} 12. a3
{[%clk 1:23:41]} e6 {[%clk 1:19:01]} 13. Rc2 {[%clk 1:21:24]} Nd7
{[%clk 1:13:39]} 14. Qa1 {[%clk 1:20:47]} Bxb2 {[%clk 1:13:33]} 15. Qxb2
{[%clk 1:21:15]} Qf6 {[%clk 1:11:43]} 16. Rfc1 {[%clk 1:12:34]} Nc7
{[%clk 1:02:58]} 17. b4 {[%clk 1:07:58]} Qxb2 {[%clk 1:02:15]} 18. Rxb2
{[%clk 1:08:26]} axb4 {[%clk 1:02:16]} 19. axb4 {[%clk 1:08:40]} Ne5
{[%clk 0:47:45]} 20. b5 {[%clk 1:05:27]} dxc4 {[%clk 0:34:05]} 21. bxc6
{[%clk 1:05:24]} bxc6 {[%clk 0:33:30]} 22. d4 {[%clk 1:05:26]} Nb5
{[%clk 0:19:35]} 23. dxe5 {[%clk 1:04:43]} c3 {[%clk 0:20:01]} 24. Rbc2
{[%clk 1:04:57]} cxd2 {[%clk 0:20:25]} 25. Rxd2 {[%clk 1:05:24]} Red8
{[%clk 0:20:08]} 26. Rxd8+ {[%clk 0:56:31]} Rxd8 {[%clk 0:20:33]} 27. Rxc6
{[%clk 0:54:29]} Nd4 {[%clk 0:20:53]} 28. Rc3 {[%clk 0:52:07]} h5
{[%clk 0:21:00]} 29. Kg2 {[%clk 0:51:52]} Nxf3 {[%clk 0:20:46]} 30. exf3
{[%clk 0:44:15]} Kg7 {[%clk 0:21:08]} 31. h3 {[%clk 0:41:40]} Rd5
{[%clk 0:18:19]} 32. Re3 {[%clk 0:41:25]} Ra5 {[%clk 0:18:41]} 33. g4
{[%clk 0:40:54]} hxg4 {[%clk 0:13:08]} 34. fxg4 {[%clk 0:41:09]} g5
{[%clk 0:13:14]} 35. Kg3 {[%clk 0:39:07]} Ra4 {[%clk 0:13:19]} 36. h4
{[%clk 0:37:51]} gxh4+ {[%clk 0:13:45]} 37. Kxh4 {[%clk 0:38:18]} Kg6
{[%clk 0:12:43]} 38. Rf3 {[%clk 0:38:27]} Re4 {[%clk 0:12:49]} 39. Rf6+
{[%clk 0:38:52]} Kg7 {[%clk 0:13:14]} 40. f4 {[%clk 1:09:18]} Re1
{[%clk 0:43:03]} 41. Kg3 {[%clk 1:09:04]} Re3+ {[%clk 0:41:12]} 42. Kf2
{[%clk 1:08:58]} Re4 {[%clk 0:41:24]} 43. Kf3 {[%clk 1:09:14]} Re1
{[%clk 0:41:48]} 44. g5 {[%clk 1:09:40]} Rg1 {[%clk 0:41:01]} 45. Ke4
{[%clk 1:10:02]} Re1+ {[%clk 0:26:20]} 46. Kd4 {[%clk 1:10:18]} Rd1+
{[%clk 0:26:39]} 47. Kc5 {[%clk 1:10:42]} Rd5+ {[%clk 0:26:38]} 48. Kc6
{[%clk 1:09:06]} Rd4 {[%clk 0:26:41]} 49. Kc7 {[%clk 1:09:27]} Ra4
{[%clk 0:08:40]} 50. g6 {[%clk 1:06:00]} fxg6 {[%clk 0:09:05]} 51. Kd7
{[%clk 1:06:00]} Ra7+ {[%clk 0:08:57]} 52. Kxe6 {[%clk 1:06:17]} Ra6+
{[%clk 0:09:23]} 53. Ke7 {[%clk 1:06:39]} Ra7+ {[%clk 0:09:49]} 54. Kd8
{[%clk 1:07:03]} Ra8+ {[%clk 0:09:56]} 55. Kc7 {[%clk 1:07:00]} Ra7+
{[%clk 0:10:12]} 56. Kb6 {[%clk 1:07:12]} Ra4 {[%clk 0:10:05]} 57. Kc5
{[%clk 1:07:34]} Re4 {[%clk 0:08:58]} 58. Kd6 {[%clk 1:04:24]} Ra4
{[%clk 0:08:32]} 59. Kd5 {[%clk 1:04:43]} Rb4 {[%clk 0:07:38]} 60. Kd6
{[%clk 0:58:43]} Ra4 {[%clk 0:07:16]} 61. Kd5 {[%clk 0:58:23]} Rb4
{[%clk 0:07:41]} 62. Ke6 {[%clk 0:58:38]} Rb6+ {[%clk 0:08:06]} 63. Ke7
{[%clk 0:59:05]} Rb7+ {[%clk 0:08:31]} 64. Kd8 {[%clk 0:59:32]} Rb8+
{[%clk 0:08:45]} 65. Kd7 {[%clk 0:59:38]} Rb7+ {[%clk 0:08:46]} 66. Kc8
{[%clk 0:56:53]} Rb4 {[%clk 0:08:43]} 67. Kd8 {[%clk 0:57:04]} Rb8+
{[%clk 0:07:36]} 68. Kc7 {[%clk 0:57:25]} Rb4 {[%clk 0:08:02]} 69. f5
{[%clk 0:56:32]} gxf5 {[%clk 0:08:26]} 70. Rxf5 {[%clk 0:56:58]} Ra4
{[%clk 0:07:19]} 71. e6 {[%clk 0:56:17]} Ra7+ {[%clk 0:07:45]} 72. Kd6
{[%clk 0:56:29]} Ra6+ {[%clk 0:08:10]} 73. Ke5 {[%clk 0:56:53]} Ra5+
{[%clk 0:08:19]} 74. Kf4 {[%clk 0:57:18]} Ra6 {[%clk 0:05:53]} 75. e7
{[%clk 0:57:26]} Re6 {[%clk 0:06:20]} 76. Re5 {[%clk 0:57:52]} Rxe5
{[%clk 0:06:46]} 77. Kxe5 {[%clk 0:58:19]} Kf7 {[%clk 0:07:14]} 78. Kd6
{[%clk 0:58:38]} Ke8 {[%clk 0:07:41]} 79. Ke6 {[%clk 0:59:03]} 1/2-1/2

[Event "World Chess Olympiad 2018"]
[Site "Batumi"]
[Date "2018.10.05"]
[Round "11"]
[Board "2"]
[WhiteFideId "3804623"]
[White "Vera Siguenas Deivy"]
[BlackFideId "10601619"]
[Black "Adly Ahmed"]
[Result "0-1"]
[LiveChessVersion "1.4.8"]
[BlackElo "2620"]
[WhiteElo "2494"]

1. e4 {[%clk 1:30:58]} c5 {[%clk 1:30:50]} 2. Nf3 {[%clk 1:31:24]} d6
{[%clk 1:30:28]} 3. d4 {[%clk 1:31:08]} cxd4 {[%clk 1:30:54]} 4. Nxd4
{[%clk 1:31:34]} Nf6 {[%clk 1:31:19]} 5. Nc3 {[%clk 1:32:00]} Nc6
{[%clk 1:31:43]} 6. Bg5 {[%clk 1:32:23]} a6 {[%clk 1:28:07]} 7. Qd2
{[%clk 1:32:11]} h6 {[%clk 1:28:14]} 8. Bxf6 {[%clk 1:32:16]} gxf6
{[%clk 1:28:41]} 9. O-O-O {[%clk 1:32:15]} e6 {[%clk 1:27:52]} 10. Kb1
{[%clk 1:31:51]} Bd7 {[%clk 1:26:28]} 11. f4 {[%clk 1:32:08]} Qb6
{[%clk 1:25:13]} 12. Nb3 {[%clk 1:32:35]} O-O-O {[%clk 1:25:25]} 13. Be2
{[%clk 1:33:01]} h5 {[%clk 1:25:34]} 14. Rhf1 {[%clk 1:33:28]} Kb8
{[%clk 1:25:13]} 15. Rf3 {[%clk 1:33:34]} h4 {[%clk 1:23:00]} 16. Qe1
{[%clk 1:33:39]} Be7 {[%clk 1:22:48]} 17. Bf1 {[%clk 1:26:21]} Rh5
{[%clk 1:18:08]} 18. Rfd3 {[%clk 1:20:34]} Bc8 {[%clk 1:14:28]} 19. Be2
{[%clk 1:20:02]} Rhh8 {[%clk 1:14:22]} 20. Bf3 {[%clk 1:20:22]} h3
{[%clk 1:13:15]} 21. g3 {[%clk 1:18:47]} Bd7 {[%clk 1:10:48]} 22. a3
{[%clk 1:19:00]} Na7 {[%clk 1:09:05]} 23. Nd4 {[%clk 1:13:15]} Nc6
{[%clk 1:06:10]} 24. Nb3 {[%clk 1:06:34]} Rc8 {[%clk 1:02:22]} 25. Qd2
{[%clk 0:48:58]} Be8 {[%clk 0:58:52]} 26. Bg4 {[%clk 0:43:30]} Rc7
{[%clk 0:56:47]} 27. Ne2 {[%clk 0:37:44]} a5 {[%clk 0:53:27]} 28. Nbd4
{[%clk 0:36:51]} a4 {[%clk 0:53:23]} 29. Nxc6+ {[%clk 0:30:51]} bxc6
{[%clk 0:51:49]} 30. Rxd6 {[%clk 0:30:46]} Bxd6 {[%clk 0:44:55]} 31. Qxd6
{[%clk 0:31:11]} Ka7 {[%clk 0:45:16]} 32. Qd8 {[%clk 0:28:51]} Rb7
{[%clk 0:40:55]} 33. Qxf6 {[%clk 0:25:48]} Rg8 {[%clk 0:41:21]} 34. Bf3
{[%clk 0:25:50]} c5 {[%clk 0:41:27]} 35. Nc1 {[%clk 0:23:12]} Bb5
{[%clk 0:40:35]} 36. Qe5 {[%clk 0:12:48]} Rgb8 {[%clk 0:40:04]} 37. Rd6
{[%clk 0:13:02]} Qc7 {[%clk 0:40:21]} 38. Be2 {[%clk 0:01:53]} Bc4
{[%clk 0:37:20]} 39. Nd3 {[%clk 0:02:11]} f6 {[%clk 0:36:13]} 40. Qc3
{[%clk 0:30:47]} Qxd6 {[%clk 1:05:36]} 41. Qxc4 {[%clk 0:31:13]} Qd4
{[%clk 1:05:47]} 42. Qxd4 {[%clk 0:31:33]} cxd4 {[%clk 1:06:15]} 43. Bg4
{[%clk 0:31:58]} Rb6 {[%clk 1:05:38]} 44. Bxh3 {[%clk 0:31:29]} Rh8
{[%clk 1:05:44]} 45. Nf2 {[%clk 0:31:55]} d3 {[%clk 1:05:06]} 46. cxd3
{[%clk 0:31:12]} Rc6 {[%clk 1:05:59]} 47. d4 {[%clk 0:28:44]} Rd6
{[%clk 1:05:49]} 48. d5 {[%clk 0:28:26]} exd5 {[%clk 1:06:10]} 49. e5
{[%clk 0:25:19]} fxe5 {[%clk 1:06:33]} 50. fxe5 {[%clk 0:25:46]} Rdd8
{[%clk 1:06:48]} 51. Bf5 {[%clk 0:25:50]} Rxh2 {[%clk 1:06:47]} 52. Nd3
{[%clk 0:26:16]} Kb6 {[%clk 1:06:35]} 53. e6 {[%clk 0:26:39]} Re2
{[%clk 1:06:43]} 54. Nf4 {[%clk 0:25:17]} Re3 {[%clk 1:06:33]} 55. g4
{[%clk 0:23:57]} Kc6 {[%clk 1:06:12]} 56. Bc2 {[%clk 0:22:18]} Kd6
{[%clk 1:05:49]} 57. Ka2 {[%clk 0:19:40]} Rc8 {[%clk 1:05:34]} 58. Bf5
{[%clk 0:18:54]} Rc1 {[%clk 1:05:53]} 59. Nd3 {[%clk 0:18:21]} Rg1
{[%clk 1:02:47]} 60. Nb4 {[%clk 0:18:24]} Ree1 {[%clk 1:02:38]} 61. Nc2
{[%clk 0:18:44]} Rd1 {[%clk 1:00:41]} 62. b3 {[%clk 0:18:33]} d4 {[%clk 1:00:41]}
63. bxa4 {[%clk 0:18:39]} d3 {[%clk 0:58:40]} 64. Ne3 {[%clk 0:14:24]} d2
{[%clk 0:59:07]} 65. Kb2 {[%clk 0:14:22]} Rc1 {[%clk 0:59:25]} 0-1

[Event "World Chess Olympiad 2018"]
[Site "Batumi"]
[Date "2018.10.05"]
[Round "11"]
[Board "3"]
[WhiteFideId "10613129"]
[White "Fawzy Adham"]
[BlackFideId "3805662"]
[Black "Martinez Alcantara Jose Eduardo"]
[Result "1-0"]
[LiveChessVersion "1.4.8"]
[BlackElo "2565"]
[WhiteElo "2431"]

1. e4 {[%clk 1:30:52]} c5 {[%clk 1:30:58]} 2. Nf3 {[%clk 1:31:16]} d6
{[%clk 1:31:25]} 3. d4 {[%clk 1:31:41]} Nf6 {[%clk 1:31:53]} 4. Nc3
{[%clk 1:32:05]} cxd4 {[%clk 1:32:18]} 5. Nxd4 {[%clk 1:32:31]} a6
{[%clk 1:32:32]} 6. Bg5 {[%clk 1:32:55]} Nbd7 {[%clk 1:32:57]} 7. Qe2
{[%clk 1:33:19]} h6 {[%clk 1:32:38]} 8. Bh4 {[%clk 1:33:46]} g6 {[%clk 1:33:00]}
9. f4 {[%clk 1:34:13]} e5 {[%clk 1:33:26]} 10. fxe5 {[%clk 1:34:40]} dxe5
{[%clk 1:33:49]} 11. O-O-O {[%clk 1:35:05]} Qc7 {[%clk 1:29:31]} 12. Nb3
{[%clk 1:35:33]} Bg7 {[%clk 1:23:32]} 13. Qc4 {[%clk 1:35:49]} Qxc4
{[%clk 1:21:27]} 14. Bxc4 {[%clk 1:36:17]} b5 {[%clk 1:10:04]} 15. Bd5
{[%clk 1:35:55]} Ra7 {[%clk 1:05:18]} 16. Bc6 {[%clk 1:31:09]} O-O
{[%clk 0:58:05]} 17. Na5 {[%clk 1:23:44]} Nb8 {[%clk 0:51:35]} 18. Rhf1
{[%clk 1:05:09]} g5 {[%clk 0:45:43]} 19. Bf2 {[%clk 0:51:45]} Nxc6
{[%clk 0:44:53]} 20. Nxc6 {[%clk 0:52:08]} Rc7 {[%clk 0:45:13]} 21. Nd5
{[%clk 0:52:20]} Nxd5 {[%clk 0:29:44]} 22. exd5 {[%clk 0:52:38]} Re8
{[%clk 0:28:31]} 23. Bb6 {[%clk 0:48:05]} Rb7 {[%clk 0:23:29]} 24. Ba5
{[%clk 0:42:08]} Bg4 {[%clk 0:21:17]} 25. Rde1 {[%clk 0:32:39]} Rd7
{[%clk 0:18:20]} 26. Bb4 {[%clk 0:32:58]} f6 {[%clk 0:16:42]} 27. h3
{[%clk 0:29:03]} Bh5 {[%clk 0:16:46]} 28. d6 {[%clk 0:28:59]} Bf7
{[%clk 0:16:21]} 29. Ne7+ {[%clk 0:29:01]} Kh7 {[%clk 0:16:31]} 30. g4
{[%clk 0:28:49]} Be6 {[%clk 0:15:23]} 31. Rf3 {[%clk 0:28:39]} a5
{[%clk 0:12:23]} 32. Bc5 {[%clk 0:29:02]} Ra8 {[%clk 0:11:32]} 33. b3
{[%clk 0:26:21]} Ra6 {[%clk 0:10:41]} 34. Ref1 {[%clk 0:25:03]} Bf7
{[%clk 0:07:56]} 35. Kb2 {[%clk 0:23:23]} e4 {[%clk 0:06:30]} 36. Re3
{[%clk 0:17:40]} f5+ {[%clk 0:03:45]} 37. Kb1 {[%clk 0:16:02]} f4
{[%clk 0:03:20]} 38. Rxe4 {[%clk 0:16:28]} a4 {[%clk 0:03:46]} 39. b4
{[%clk 0:06:40]} Bc4 {[%clk 0:03:01]} 40. Rfe1 {[%clk 0:34:12]} Bc3
{[%clk 0:30:42]} 41. Rd1 {[%clk 0:33:08]} f3 {[%clk 0:23:35]} 42. Nf5
{[%clk 0:30:01]} Kg6 {[%clk 0:23:27]} 43. Re7 {[%clk 0:25:28]} Rd8
{[%clk 0:22:58]} 44. h4 {[%clk 0:14:55]} h5 {[%clk 0:20:02]} 45. Ng3
{[%clk 0:13:12]} hxg4 {[%clk 0:20:10]} 46. h5+ {[%clk 0:12:45]} Kh6
{[%clk 0:20:39]} 47. Rh1 {[%clk 0:10:30]} Rf8 {[%clk 0:21:07]} 48. d7
{[%clk 0:10:50]} Raa8 {[%clk 0:19:31]} 49. Re3 {[%clk 0:11:18]} Rf7
{[%clk 0:17:52]} 50. Re8 {[%clk 0:09:01]} Rxd7 {[%clk 0:17:37]} 51. Rxa8
{[%clk 0:09:29]} Be5 {[%clk 0:17:52]} 52. Ra6+ {[%clk 0:09:29]} Kh7
{[%clk 0:18:12]} 53. Ne4 {[%clk 0:09:38]} Rg7 {[%clk 0:17:22]} 54. Bd6
{[%clk 0:08:01]} Bxd6 {[%clk 0:15:17]} 55. Rxd6 {[%clk 0:07:25]} Re7
{[%clk 0:15:46]} 56. Nf6+ {[%clk 0:07:39]} Kh8 {[%clk 0:15:45]} 57. h6
{[%clk 0:07:48]} f2 {[%clk 0:15:49]} 58. Rd8+ {[%clk 0:08:15]} Bg8
{[%clk 0:16:10]} 59. Rxg8# {[%clk 0:08:42]} 1-0

[Event "World Chess Olympiad 2018"]
[Site "Batumi"]
[Date "2018.10.05"]
[Round "11"]
[Board "4"]
[WhiteFideId "3801969"]
[White "Cruz Cristhian"]
[BlackFideId "10600183"]
[Black "Hesham Abdelrahman"]
[Result "0-1"]
[LiveChessVersion "1.4.8"]
[BlackElo "2408"]
[WhiteElo "2571"]

1. d4 {[%clk 1:30:57]} Nf6 {[%clk 1:30:51]} 2. c4 {[%clk 1:31:20]} g6
{[%clk 1:31:17]} 3. Nc3 {[%clk 1:31:37]} Bg7 {[%clk 1:31:41]} 4. e4
{[%clk 1:31:55]} d6 {[%clk 1:32:05]} 5. Be2 {[%clk 1:32:15]} O-O {[%clk 1:31:55]}
6. Be3 {[%clk 1:32:31]} e5 {[%clk 1:31:14]} 7. d5 {[%clk 1:32:34]} a5
{[%clk 1:29:22]} 8. g4 {[%clk 1:30:48]} Na6 {[%clk 1:27:48]} 9. g5
{[%clk 1:21:28]} Nd7 {[%clk 1:12:54]} 10. Nf3 {[%clk 1:17:58]} Ndc5
{[%clk 1:12:31]} 11. h4 {[%clk 1:10:12]} c6 {[%clk 1:08:54]} 12. Qd2
{[%clk 0:51:27]} cxd5 {[%clk 1:08:04]} 13. Qxd5 {[%clk 0:49:53]} Be6
{[%clk 0:54:53]} 14. Qd2 {[%clk 0:49:07]} Qb6 {[%clk 0:45:07]} 15. Rd1
{[%clk 0:42:10]} Rfd8 {[%clk 0:36:23]} 16. h5 {[%clk 0:39:07]} Qb4
{[%clk 0:33:52]} 17. Rh4 {[%clk 0:21:35]} Bxc4 {[%clk 0:17:25]} 18. Bxc5
{[%clk 0:19:34]} Qxc5 {[%clk 0:11:40]} 19. Na4 {[%clk 0:07:47]} Qc6
{[%clk 0:07:44]} 20. Bxc4 {[%clk 0:08:11]} Qxa4 {[%clk 0:06:50]} 21. Qe2
{[%clk 0:06:07]} Rac8 {[%clk 0:05:45]} 22. b3 {[%clk 0:06:00]} Qb4+
{[%clk 0:03:06]} 23. Kf1 {[%clk 0:06:06]} Nc7 {[%clk 0:02:42]} 24. hxg6
{[%clk 0:05:47]} hxg6 {[%clk 0:03:08]} 25. Nh2 {[%clk 0:04:27]} d5
{[%clk 0:01:16]} 26. exd5 {[%clk 0:03:58]} Nxd5 {[%clk 0:00:53]} 27. Qf3
{[%clk 0:00:37]} Nf4 {[%clk 0:01:09]} 28. Re1 {[%clk 0:00:37]} Rxc4
{[%clk 0:00:57]} 29. bxc4 {[%clk 0:00:39]} Qxc4+ {[%clk 0:01:24]} 30. Kg1
{[%clk 0:00:57]} Ne2+ {[%clk 0:01:46]} 31. Rxe2 {[%clk 0:01:23]} Qxh4
{[%clk 0:02:11]} 32. Qe3 {[%clk 0:01:35]} Qc4 {[%clk 0:01:55]} 33. Kg2
{[%clk 0:01:23]} Rd3 {[%clk 0:01:59]} 34. Qa7 {[%clk 0:00:52]} Qd5+
{[%clk 0:01:45]} 35. f3 {[%clk 0:01:04]} Rd2 {[%clk 0:01:05]} 36. Rxd2
{[%clk 0:00:36]} Qxd2+ {[%clk 0:01:30]} 37. Kh3 {[%clk 0:01:04]} Qxg5
{[%clk 0:01:40]} 38. Qxb7 {[%clk 0:01:30]} Qf4 {[%clk 0:00:50]} 39. Qa8+
{[%clk 0:01:37]} Kh7 {[%clk 0:01:15]} 40. Qxa5 {[%clk 0:31:08]} e4
{[%clk 0:31:37]} 0-1

[Event "World Chess Olympiad 2018"]
[Site "Batumi"]
[Date "2018.10.05"]
[Round "11"]
[Board "3"]
[WhiteFideId "4100140"]
[White "Bareev Evgeny"]
[BlackFideId "509825"]
[Black "Keinanen Toivo"]
[Result "0-1"]
[LiveChessVersion "1.4.8"]
[BlackElo "2402"]
[WhiteElo "2666"]

1. Nf3 {[%clk 1:30:45]} Nf6 {[%clk 1:29:44]} 2. g3 {[%clk 1:31:08]} d5
{[%clk 1:27:50]} 3. Bg2 {[%clk 1:31:34]} e6 {[%clk 1:28:16]} 4. O-O
{[%clk 1:31:54]} b5 {[%clk 1:23:10]} 5. d3 {[%clk 1:31:24]} Be7 {[%clk 1:22:44]}
6. c4 {[%clk 1:30:40]} c6 {[%clk 1:19:29]} 7. cxb5 {[%clk 1:16:35]} cxb5
{[%clk 1:19:58]} 8. Nbd2 {[%clk 1:16:56]} Nbd7 {[%clk 1:16:02]} 9. Nb3
{[%clk 1:17:06]} Bb7 {[%clk 1:10:24]} 10. Bf4 {[%clk 1:09:57]} O-O
{[%clk 1:09:25]} 11. Rc1 {[%clk 1:05:03]} Qb6 {[%clk 1:04:21]} 12. Qd2
{[%clk 1:00:24]} b4 {[%clk 0:56:25]} 13. Bc7 {[%clk 0:58:07]} Qa6
{[%clk 0:52:34]} 14. Nfd4 {[%clk 0:53:00]} Rac8 {[%clk 0:40:03]} 15. Ba5
{[%clk 0:51:35]} Qd6 {[%clk 0:37:23]} 16. Nc2 {[%clk 0:28:13]} Nc5
{[%clk 0:33:06]} 17. Nxc5 {[%clk 0:26:41]} Rxc5 {[%clk 0:33:10]} 18. Bxb4
{[%clk 0:27:08]} Rxc2 {[%clk 0:33:21]} 19. Bxd6 {[%clk 0:27:35]} Rxd2
{[%clk 0:33:45]} 20. Bxe7 {[%clk 0:28:00]} Re8 {[%clk 0:32:32]} 21. Ba3
{[%clk 0:27:38]} Rxe2 {[%clk 0:32:16]} 22. Rc7 {[%clk 0:26:08]} Rb8
{[%clk 0:30:07]} 23. Rfc1 {[%clk 0:13:41]} h6 {[%clk 0:28:56]} 24. Bf1
{[%clk 0:14:06]} Rd2 {[%clk 0:28:59]} 25. R1c3 {[%clk 0:14:06]} Ba6
{[%clk 0:24:13]} 26. Rxa7 {[%clk 0:14:24]} d4 {[%clk 0:24:00]} 27. Rcc7
{[%clk 0:09:32]} Bxd3 {[%clk 0:23:46]} 28. Bxd3 {[%clk 0:09:53]} Rxd3
{[%clk 0:24:15]} 29. Rxf7 {[%clk 0:10:13]} Rd1+ {[%clk 0:19:43]} 30. Kg2
{[%clk 0:10:39]} d3 {[%clk 0:19:37]} 31. Rxg7+ {[%clk 0:10:12]} Kh8
{[%clk 0:19:23]} 32. Rg6 {[%clk 0:08:45]} d2 {[%clk 0:15:43]} 33. Rxh6+
{[%clk 0:08:42]} Kg8 {[%clk 0:16:09]} 34. Rg6+ {[%clk 0:08:53]} Kh8
{[%clk 0:16:31]} 35. Rh6+ {[%clk 0:08:53]} Kg8 {[%clk 0:16:59]} 36. Rg6+
{[%clk 0:09:14]} Kh8 {[%clk 0:17:14]} 37. Rxf6 {[%clk 0:09:36]} Rg1+
{[%clk 0:14:50]} 38. Kxg1 {[%clk 0:10:02]} d1=Q+ {[%clk 0:15:14]} 39. Kg2
{[%clk 0:10:25]} Qd5+ {[%clk 0:14:58]} 40. f3 {[%clk 0:36:51]} e5
{[%clk 0:39:38]} 41. Kh3 {[%clk 0:11:42]} e4 {[%clk 0:34:44]} 42. Rh6+
{[%clk 0:10:29]} Kg8 {[%clk 0:35:13]} 43. Rg6+ {[%clk 0:10:51]} Kh8
{[%clk 0:35:41]} 44. Rh6+ {[%clk 0:11:02]} Kg8 {[%clk 0:36:11]} 45. fxe4
{[%clk 0:11:22]} Qxe4 {[%clk 0:34:08]} 46. Ra5 {[%clk 0:06:07]} Rb7
{[%clk 0:31:46]} 47. Rah5 {[%clk 0:05:15]} Rh7 {[%clk 0:30:11]} 48. Rg5+
{[%clk 0:04:30]} Rg7 {[%clk 0:28:57]} 49. Rh4 {[%clk 0:00:33]} Qe6+
{[%clk 0:27:21]} 50. Rgg4 {[%clk 0:01:02]} Qf5 0-1

[Event "World Chess Olympiad 2018"]
[Site "Batumi"]
[Date "2018.10.05"]
[Round "11"]
[Board "4"]
[WhiteFideId "505455"]
[White "Sipila Vilka"]
[BlackFideId "2606577"]
[Black "Hambleton Aman"]
[Result "0-1"]
[LiveChessVersion "1.4.8"]
[BlackElo "2492"]
[WhiteElo "2381"]

1. d4 {[%clk 1:30:58]} Nf6 {[%clk 1:29:52]} 2. c4 {[%clk 1:31:19]} e6
{[%clk 1:29:48]} 3. Nf3 {[%clk 1:31:44]} d5 {[%clk 1:28:38]} 4. g3
{[%clk 1:32:07]} Bb4+ {[%clk 1:29:00]} 5. Bd2 {[%clk 1:32:30]} Bd6
{[%clk 1:29:18]} 6. Bg2 {[%clk 1:32:55]} c6 {[%clk 1:28:02]} 7. Qc2
{[%clk 1:33:17]} Nbd7 {[%clk 1:27:31]} 8. O-O {[%clk 1:33:20]} O-O
{[%clk 1:27:49]} 9. Rd1 {[%clk 1:33:36]} Ne4 {[%clk 1:25:54]} 10. Nc3
{[%clk 1:33:55]} Nxd2 {[%clk 1:20:48]} 11. Rxd2 {[%clk 1:28:14]} f5
{[%clk 1:19:34]} 12. e3 {[%clk 1:28:26]} Qe7 {[%clk 1:17:16]} 13. Ne2
{[%clk 1:21:38]} g5 {[%clk 1:13:05]} 14. a3 {[%clk 1:20:12]} a5 {[%clk 1:12:03]}
15. h4 {[%clk 0:52:25]} h6 {[%clk 1:08:36]} 16. Rdd1 {[%clk 0:39:43]} Qg7
{[%clk 1:06:50]} 17. b4 {[%clk 0:30:54]} axb4 {[%clk 1:03:17]} 18. c5
{[%clk 0:31:01]} b3 {[%clk 1:02:43]} 19. Qxb3 {[%clk 0:31:21]} Bc7
{[%clk 1:03:05]} 20. Kh2 {[%clk 0:20:15]} Nf6 {[%clk 1:01:27]} 21. Rh1
{[%clk 0:20:33]} Ne4 {[%clk 1:01:08]} 22. Raf1 {[%clk 0:19:26]} g4
{[%clk 0:41:37]} 23. Ne1 {[%clk 0:19:46]} Nd2 {[%clk 0:41:54]} 24. Qb4
{[%clk 0:20:09]} Nxf1+ {[%clk 0:34:56]} 25. Rxf1 {[%clk 0:20:34]} Ra7
{[%clk 0:34:32]} 26. Nd3 {[%clk 0:17:52]} Bd7 {[%clk 0:34:20]} 27. Ra1
{[%clk 0:18:06]} Rb8 {[%clk 0:28:42]} 28. Bf1 {[%clk 0:15:27]} b6
{[%clk 0:17:30]} 29. cxb6 {[%clk 0:15:41]} Rxb6 {[%clk 0:17:54]} 30. Qc3
{[%clk 0:15:41]} Bd6 {[%clk 0:18:04]} 31. Nef4 {[%clk 0:05:25]} Rb5
{[%clk 0:14:22]} 32. Ne5 {[%clk 0:00:38]} Bxe5 {[%clk 0:11:41]} 33. dxe5
{[%clk 0:01:04]} Rba5 {[%clk 0:03:46]} 34. Nh5 {[%clk 0:01:29]} Qe7
{[%clk 0:04:04]} 35. Qc1 {[%clk 0:01:44]} Qc5 {[%clk 0:02:57]} 36. Qd2
{[%clk 0:01:23]} Rxa3 {[%clk 0:01:11]} 37. Rxa3 {[%clk 0:01:18]} Qxa3
{[%clk 0:00:51]} 38. e4 {[%clk 0:01:45]} Qf8 {[%clk 0:00:50]} 39. Qe3
{[%clk 0:01:57]} Ra3 {[%clk 0:00:46]} 40. Qc1 {[%clk 0:30:42]} fxe4
{[%clk 0:30:55]} 41. Nf6+ {[%clk 0:30:59]} Kh8 {[%clk 0:25:53]} 42. Kg1
{[%clk 0:24:12]} Ra7 {[%clk 0:19:42]} 43. Nxg4 {[%clk 0:24:32]} c5
{[%clk 0:17:51]} 44. Nxh6 {[%clk 0:24:50]} Qg7 {[%clk 0:11:19]} 45. Bh3
{[%clk 0:20:32]} Rc7 {[%clk 0:05:54]} 46. Ng4 {[%clk 0:20:39]} d4
{[%clk 0:05:20]} 47. Nf6 {[%clk 0:17:16]} e3 {[%clk 0:05:35]} 48. Qd1
{[%clk 0:17:03]} exf2+ {[%clk 0:03:46]} 49. Kxf2 {[%clk 0:17:11]} Qh6
{[%clk 0:04:05]} 50. Ng4 {[%clk 0:05:03]} Qg6 {[%clk 0:03:45]} 51. Nf6
{[%clk 0:05:27]} Rb7 {[%clk 0:02:48]} 52. Qf3 {[%clk 0:05:39]} Rb2+
{[%clk 0:02:22]} 53. Kg1 {[%clk 0:06:06]} Bc6 {[%clk 0:02:40]} 54. Qh5+
{[%clk 0:03:28]} Qxh5 {[%clk 0:03:02]} 55. Nxh5 {[%clk 0:03:55]} d3
{[%clk 0:02:42]} 56. Nf4 {[%clk 0:03:13]} d2 {[%clk 0:02:30]} 57. Bxe6
{[%clk 0:03:31]} d1=R# 0-1